000 01383nam a22002657a 4500
005 20170124103201.0
010 _aB-044184
020 _c300.00
_a8186782664
035 _aB-044184
037 _bCen Lib/Ret
040 _aDPL
_bHN
082 _a230.22
_bशर्मारा
100 _aशर्मा, राकेश कुमार
_991716
245 _aअग्निपुराणकालीन आर्थिक जीवन /
_cराकेश कुमार शर्मा
246 _aAgnipurankaleen arthik jeevan /
_bby Rakesh Kumar Sharma
260 _aजयपुर
_bपब्लिकेशन स्कीम
270 _bजयपुर
_a५७, मिश्रराजाजी का रस्ता
_e302001
300 _a162पृ.
_c21सेमी(सजिल्द )
500 _aग्रन्थ सूची शामिल
650 _aपुराणों। - अग्निपुराण - आलोचना, व्याख्या, आदि
_x
_z
_991717
650 _aअर्थशास्त्र - धार्मिक पहलुओं - हिंदू धर्म
_991718
650 _aPuranas. -- Agnipurāṇa -- Criticism, interpretation, etc
_991719
650 _aEconomics -- Religious aspects -- Hinduism.
_991720
942 _2ddc
_cHN
_h230.22
_mशर्मारा
999 _c120640
_d120640